Statistiques concernant Pays dont le drapeau ne contient pas de rouge

Cliquez ici pour prendre le quiz!

Statistiques générales

  • Ce quiz a été pris 214 fois
  • Le résultat moyen est 24 sur 45

Statistiques - réponses

ContinentPays% Correct
AmériqueArgentine
89%
EuropeFinlande
87%
AmériqueBrésil
83%
EuropeSuède
83%
EuropeIrlande
80%
EuropeEstonie
77%
EuropeGrèce
73%
AmériqueUruguay
73%
AsieInde
71%
EuropeUkraine
69%
AsieArabie saoudite
67%
AmériqueHonduras
62%
AmériqueGuatemala
58%
AmériqueJamaïque
57%
EuropeSaint-Marin
57%
AmériqueNicaragua
56%
AsieChypre
55%
AmériqueSalvador
55%
AsieKazakhstan
54%
AsiePakistan
54%
AfriqueNiger
53%
OcéaniePalaos
53%
EuropeKosovo
52%
AfriqueNigeria
50%
AmériqueBahamas
49%
AfriqueSomalie
49%
AfriqueCôte d'Ivoire
48%
AsieIsraël
48%
OcéanieMicronésie
48%
AmériqueBarbade
45%
EuropeBosnie-Herzégovine
45%
OcéanieNauru
44%
AmériqueSaint-Vincent-et-les-Grenadines
43%
AmériqueSainte-Lucie
42%
AsieBhoutan
40%
AfriqueLesotho
40%
OcéanieMarshall
40%
AfriqueGabon
37%
AfriqueBotswana
36%
AsieBrunei
36%
AfriqueTanzanie
35%
AfriqueMauritanie
33%
AfriqueRwanda
33%
Océanie(Îles) Salomon
31%
AfriqueSierra Leone
27%

Distribution des résultats

Percentile par nombre de réponses

% des personnes avec chaque résultat

Votre développement - résultats

Vous n’avez pas pris ce quiz